[Event "7. Longericher Sommer-Open"]
[Site "?"]
[Date "2010.07.31"]
[Round "3.23"]
[White "Nagel, Detlev"]
[Black "Wulfken, Christof"]
[Result "0-1"]
[WhiteElo "1361"]
[BlackElo "1898"]
[PlyCount "108"]
[EventDate "2010.??.??"]
[WhiteTeam "TSV Burgdorf"]
[BlackTeam "SF Schlebusch"]

1. g3 d5 2. Bg2 Nf6 3. d3 e5 4. a3 c6 5. Nc3 Bc5 6. e3 O-O 7. b4 Bb6 8. Nge2
Bg4 9. Na4 Bc7 10. f3 Bf5 11. O-O b6 12. e4 Be6 13. exd5 cxd5 14. Nac3 Qd7 15.
Bg5 Ne8 16. Qe1 f6 17. Bd2 Nc6 18. Rc1 Rc8 19. f4 d4 20. Ne4 h6 21. fxe5 Nxe5
22. Qf2 Rd8 23. Qe1 f5 24. Nf2 Bd5 25. Ne4 fxe4 26. Rxf8+ Kxf8 27. dxe4 Bc4 28.
Qf2+ Qf7 29. Qxf7+ Kxf7 30. Nf4 g5 31. Nd5 Bxd5 32. exd5 Nf6 33. Rf1 Kg7 34. h4
Nc4 35. hxg5 hxg5 36. Bxg5 Rf8 37. Bf4 Bxf4 38. Rxf4 Nxa3 39. Rf2 Nh5 40. Rd2
Nxg3 41. Bh3 Rf6 42. Kg2 Rg6 43. Kf3 Nh5 44. Bf5 Rg3+ 45. Ke4 Nb5 46. Bd7 Re3+
47. Kf5 Nd6+ 48. Kg5 Ne4+ 49. Kxh5 Nxd2 50. Kg4 Kf6 51. Bc6 Ke5 52. Bb5 Kxd5
53. Bd3 Rxd3 54. cxd3 a5 0-1

[Event "7. Longericher Sommer-Open"]
[Site "?"]
[Date "2010.07.31"]
[Round "3.24"]
[White "Klein, Markus"]
[Black "Speck, Stefan"]
[Result "0-1"]
[WhiteElo "1333"]
[BlackElo "1895"]
[PlyCount "44"]
[EventDate "2010.??.??"]
[WhiteTeam "SK Sülz-Klettenberg"]
[BlackTeam "SC Solingen 1928 e.V."]

1. d4 d5 2. e3 Nf6 3. Be2 g6 4. Bf3 Bg7 5. Ne2 O-O 6. Bd2 Nbd7 7. O-O e5 8.
dxe5 Nxe5 9. Nd4 Bd7 10. Nc3 c6 11. Re1 Rc8 12. Nb3 b6 13. e4 Nxf3+ 14. Qxf3
dxe4 15. Qe3 Re8 16. Rab1 Ng4 17. Qe2 Qc7 18. g3 f5 19. h4 Ne5 20. Red1 Nf3+
21. Kg2 Rcd8 22. Be3 Be6 0-1

[Event "7. Longericher Sommer-Open"]
[Site "?"]
[Date "2010.07.31"]
[Round "3.25"]
[White "Engels, Immanuel"]
[Black "Gutt, Oswald"]
[Result "0-1"]
[WhiteElo "1239"]
[BlackElo "1891"]
[PlyCount "80"]
[EventDate "2010.??.??"]
[WhiteTeam "SVigung 1919 Königsspr"]
[BlackTeam "Bergische SF 1923 Ber"]

1. d4 Nf6 2. c4 g6 3. Nc3 d5 4. Bg5 Ne4 5. Nxe4 dxe4 6. e3 Bg7 7. g3 c5 8. Ne2
Qa5+ 9. Qd2 Qxd2+ 10. Kxd2 Nc6 11. d5 Ne5 12. Kc2 Nxc4 13. Nc3 Nd6 14. Bf4 Bxc3
15. bxc3 O-O 16. a4 f6 17. Be2 g5 18. Bxd6 exd6 19. g4 Bd7 20. c4 f5 21. gxf5
Rxf5 22. Raf1 Bxa4+ 23. Kc3 Raf8 24. Rhg1 Rxf2 25. Rxg5+ Kh8 26. Rxf2 Rxf2 27.
Kd2 Bd7 28. h4 Rh2 29. h5 Be8 30. Ke1 h6 31. Rf5 Kg7 32. Kf1 a6 33. Bg4 b5 34.
cxb5 axb5 35. Kg1 Rh4 36. Be2 c4 37. Bd1 b4 38. Rf2 Bxh5 39. Bxh5 Rxh5 40. Rc2
c3 0-1

[Event "7. Longericher Sommer-Open"]
[Site "?"]
[Date "2010.07.31"]
[Round "3.26"]
[White "Jakob, Matthias"]
[Black "Reinartz, Ulrich"]
[Result "0-1"]
[WhiteElo "1880"]
[BlackElo "1630"]
[PlyCount "74"]
[EventDate "2010.??.??"]
[WhiteTeam "Turn- u. SpV Düsseldorf-"]
[BlackTeam "vereinslos"]

1. e4 c6 2. d4 d5 3. exd5 cxd5 4. c4 e6 5. Nc3 Nf6 6. Nf3 Be7 7. cxd5 exd5 8.
Bb5+ Bd7 9. Bxd7+ Nbxd7 10. Qb3 Nb6 11. a4 O-O 12. O-O Re8 13. a5 Nc4 14. Ne5
Nxa5 15. Qb5 b6 16. Bf4 Rc8 17. Qa6 Nh5 18. Be3 Nf6 19. Ra4 Bd6 20. Qxa7 Bxe5
21. dxe5 Nc6 22. Qxb6 Nxe5 23. Qxd8 Rexd8 24. Bg5 d4 25. Bxf6 gxf6 26. Ne4 d3
27. f4 Ng4 28. h3 d2 29. Nxd2 Rxd2 30. hxg4 Rcc2 31. Kh2 Rxg2+ 32. Kh3 Rxb2 33.
Rb4 Ra2 34. Ra4 Rh2+ 35. Kg3 Rag2+ 36. Kf3 Rb2 37. Re4 Rh3# 0-1

[Event "7. Longericher Sommer-Open"]
[Site "?"]
[Date "2010.07.31"]
[Round "3.27"]
[White "Neuner, Johannes"]
[Black "Margenberg, Volker"]
[Result "1-0"]
[WhiteElo "1834"]
[BlackElo "1550"]
[PlyCount "109"]
[EventDate "2010.??.??"]
[WhiteTeam "SK Freiburg Zähringen 1887 e.V."]
[BlackTeam "SV Wiehl 1923 e.V."]

1. d4 Nf6 2. c4 g6 3. g3 Bg7 4. Bg2 O-O 5. Nc3 d6 6. Nf3 Nbd7 7. O-O e5 8. e4
exd4 9. Nxd4 Re8 10. h3 Nc5 11. Re1 Ne6 12. Nc2 h6 13. Nb4 c6 14. Be3 Qc7 15.
Qd2 Kh7 16. Rad1 Rd8 17. Ne2 a5 18. Nc2 b6 19. Nf4 Ba6 20. b3 Nc5 21. Bd4 Bb7
22. Qc3 Ne8 23. Bxg7 Nxg7 24. Ne3 Re8 25. Ng4 Nd7 26. Qd4 f5 27. Qxd6 Qxd6 28.
Rxd6 fxg4 29. Rxd7 Bc8 30. Rc7 gxh3 31. Bxh3 Bxh3 32. Nxh3 c5 33. Nf4 Rac8 34.
Rxc8 Rxc8 35. Rd1 g5 36. Nd5 Rc6 37. Nc3 Ne6 38. Nb5 Nd4 39. Nxd4 Rd6 40. e5
Rxd4 41. Rxd4 cxd4 42. Kg2 Kg6 43. g4 d3 44. Kf3 d2 45. Ke2 d1=Q+ 46. Kxd1 Kf7
47. Ke2 Ke6 48. Kd3 Kxe5 49. Ke3 Kf6 50. Kd4 Ke6 51. Ke4 Kf6 52. Kd5 h5 53.
gxh5 g4 54. Kc6 Kg5 55. Kxb6 1-0

[Event "7. Longericher Sommer-Open"]
[Site "?"]
[Date "2010.07.31"]
[Round "3.28"]
[White "Fieberg, Christoph"]
[Black "Sewald, Jörg"]
[Result "1-0"]
[WhiteElo "1820"]
[BlackElo "1525"]
[PlyCount "53"]
[EventDate "2010.??.??"]
[WhiteTeam "Bergische SF 1923 Ber"]
[BlackTeam "SK Köln-Worringen 1972"]

1. e4 e5 2. Nf3 Nc6 3. d4 exd4 4. Nxd4 Nxd4 5. Qxd4 Qf6 6. e5 Qb6 7. Qxb6 axb6
8. Nc3 Bb4 9. Bd2 Bxc3 10. Bxc3 Ne7 11. Bc4 O-O 12. O-O Kh8 13. Rae1 Nc6 14. f4
Na5 15. Bd3 Nc6 16. a3 Ne7 17. Be4 Kg8 18. Re3 g6 19. Rg3 d5 20. exd6 cxd6 21.
f5 Ra4 22. Bd3 Nd5 23. Bd2 Kg7 24. c4 Ne7 25. f6+ Kg8 26. fxe7 Re8 27. Bg5 1-0

[Event "7. Longericher Sommer-Open"]
[Site "?"]
[Date "2010.07.31"]
[Round "3.29"]
[White "Oerder, Timon"]
[Black "Jordans, Ralph"]
[Result "0-1"]
[WhiteElo "1195"]
[BlackElo "1812"]
[PlyCount "74"]
[EventDate "2010.??.??"]
[WhiteTeam "SV Fideler Bauer Lever"]
[BlackTeam "Ford-SF Köln e.V."]

1. d4 Nf6 2. c4 g6 3. Nc3 Bg7 4. e4 d6 5. Nf3 O-O 6. Be3 Ng4 7. Be2 Nxe3 8.
fxe3 Nd7 9. Qc2 c6 10. O-O-O Qc7 11. h4 h5 12. Ng5 Nf6 13. d5 Bg4 14. Nh3 Qb6
15. Rd3 Bxe2 16. Qxe2 Ng4 17. Nf2 Ne5 18. Rd2 Qb4 19. g4 Qxc4 20. gxh5 Qxe2 21.
Rxe2 gxh5 22. Nh3 Kh7 23. Rf1 Bf6 24. Nf4 Kh6 25. Rh1 Rg8 26. Rg2 Rxg2 27. Nxg2
Rg8 28. Nf4 Rg4 29. Nce2 Nc4 30. dxc6 bxc6 31. Rh3 Bxb2+ 32. Kc2 Bf6 33. Kd3
Ne5+ 34. Kd2 Rxh4 35. Ng3 Rxh3 36. Nf5+ Kh7 37. Nxh3 Kg8 0-1

[Event "7. Longericher Sommer-Open"]
[Site "?"]
[Date "2010.07.31"]
[Round "3.30"]
[White "Stelzer, Wolfgang"]
[Black "Dorloff, Jakobus"]
[Result "1/2-1/2"]
[WhiteElo "1799"]
[BlackElo "1517"]
[PlyCount "75"]
[EventDate "2010.??.??"]
[WhiteTeam "SC Wittlich 1947"]
[BlackTeam "Betriebssportgemeinschaft Rheinp"]

1. c4 Nf6 2. Nc3 c5 3. g3 e6 4. Bg2 g6 5. e3 Bg7 6. Nge2 O-O 7. O-O d6 8. Rb1
Nc6 9. a3 a6 10. b3 Qc7 11. Bb2 b6 12. Ne4 Nxe4 13. Bxg7 Nxf2 14. Rxf2 Kxg7 15.
d4 cxd4 16. Nxd4 Bb7 17. Nxc6 Bxc6 18. Bxc6 Qxc6 19. Qd4+ e5 20. Qd3 f5 21. Rd1
Rad8 22. Qd5 Qxd5 23. Rxd5 Kf6 24. Rfd2 Ke6 25. b4 Rd7 26. c5 bxc5 27. bxc5
Rfd8 28. cxd6 Rxd6 29. Rxd6+ Rxd6 30. Ra2 Kd5 31. Kf2 Kc4 32. Rb2 e4 33. g4
fxg4 34. Kg3 h5 35. Kf4 Kd3 36. Rb3+ Kc4 37. Rb4+ Kd3 38. Rb3+ 1/2-1/2

[Event "7. Longericher Sommer-Open"]
[Site "?"]
[Date "2010.07.31"]
[Round "3.31"]
[White "Bigott, Martin"]
[Black "Shishkov, Mark"]
[Result "1-0"]
[WhiteElo "1777"]
[BlackElo "1450"]
[PlyCount "35"]
[EventDate "2010.??.??"]
[WhiteTeam "SF Lohmar 1974 e.V."]
[BlackTeam "SC Erkrath 1973"]

1. e4 e6 2. d4 d5 3. Nd2 Nf6 4. e5 Nfd7 5. Bd3 c5 6. c3 Nc6 7. Ne2 Qb6 8. Nf3
Be7 9. O-O f6 10. Nf4 Nf8 11. dxc5 Bxc5 12. b4 Be7 13. Re1 fxe5 14. Nxe5 Nxe5
15. Rxe5 Qd8 16. Qe2 Qd6 17. Bd2 Bf6 18. Rxd5 1-0

[Event "7. Longericher Sommer-Open"]
[Site "?"]
[Date "2010.07.31"]
[Round "3.32"]
[White "Vaskovitch, Mark"]
[Black "Rieger, Isabelle"]
[Result "1-0"]
[WhiteElo "1777"]
[BlackElo "1405"]
[PlyCount "73"]
[EventDate "2010.??.??"]
[WhiteTeam "SF Köln-Longerich 195"]
[BlackTeam "SV Fideler Bauer Lever"]

1. e4 c5 2. f4 Nc6 3. Nf3 e6 4. Bb5 Na5 5. O-O a6 6. Be2 d6 7. b3 Nf6 8. d3 Be7
9. Qe1 b5 10. Qg3 O-O 11. Ng5 Ne8 12. Nf3 d5 13. e5 d4 14. f5 exf5 15. h4 Kh8
16. Bf4 Nc7 17. Ng5 Nd5 18. Bd2 Nc6 19. Bh5 Be6 20. Be2 Qc7 21. Nf3 Nb8 22. c4
Nb6 23. Na3 b4 24. Nc2 Nc6 25. Bf4 Nd7 26. Rae1 Bd8 27. Ra1 Qb8 28. Rae1 Bc7
29. Bd1 a5 30. Re2 Nb6 31. Ng5 Bd8 32. Qf3 Qc8 33. Qh5 h6 34. Nh3 Ne7 35. Bxh6
gxh6 36. Qxh6+ Kg8 37. Ng5 1-0

[Event "7. Longericher Sommer-Open"]
[Site "?"]
[Date "2010.07.31"]
[Round "3.33"]
[White "Douteil, Dominik"]
[Black "Wickenfeld, Udo"]
[Result "1-0"]
[WhiteElo "1776"]
[BlackElo "1301"]
[PlyCount "73"]
[EventDate "2010.??.??"]
[WhiteTeam "Grefrather SV 1962 e.V"]
[BlackTeam "SK Recklinghausen Altsta"]

1. Nf3 Nf6 2. g3 d5 3. Bg2 e6 4. O-O c6 5. d3 Be7 6. Nc3 Nbd7 7. e4 Qc7 8. Re1
dxe4 9. Nxe4 O-O 10. d4 Re8 11. Bf4 Qb6 12. b3 c5 13. dxc5 Nxc5 14. Nxc5 Bxc5
15. Be3 Bxe3 16. Rxe3 Bd7 17. Ne5 Rad8 18. Rd3 Bb5 19. c4 Rxd3 20. Qxd3 Ba6 21.
Rd1 Qc7 22. Qd6 Qxd6 23. Rxd6 b6 24. Nc6 h6 25. Nxa7 Re7 26. Nc6 Rd7 27. Rxd7
Nxd7 28. f4 b5 29. Nb4 Nc5 30. Nxa6 Nxa6 31. cxb5 Nb8 32. a4 Kf8 33. a5 Ke8 34.
a6 Nd7 35. Bc6 Kd8 36. Bxd7 Kxd7 37. a7 1-0

[Event "7. Longericher Sommer-Open"]
[Site "?"]
[Date "2010.07.31"]
[Round "3.34"]
[White "Wilde, Christian"]
[Black "de Vivie, Achim"]
[Result "0-1"]
[WhiteElo "1001"]
[BlackElo "1767"]
[PlyCount "66"]
[EventDate "2010.??.??"]
[WhiteTeam "SF Köln-Longerich 195"]
[BlackTeam "SF Köln-Longerich 195"]

1. b3 e5 2. e3 d5 3. d4 e4 4. Ne2 Bg4 5. Qd2 Nc6 6. Nec3 Nf6 7. Be2 Qd7 8. h3
Be6 9. Nd1 Bd6 10. Ba3 Bxa3 11. Nxa3 Qe7 12. Nb5 a6 13. Nbc3 Qd7 14. f4 exf3
15. Bxf3 O-O-O 16. Nf2 Rhe8 17. O-O-O Qd6 18. Nb1 Bf5 19. g4 Bg6 20. g5 Nh5 21.
Bg4+ Kb8 22. Bxh5 Bxh5 23. Rde1 Bg6 24. Nd3 Qg3 25. h4 Be4 26. Rh2 Bxd3 27.
cxd3 Nxd4 28. exd4 Rxe1+ 29. Qxe1 Qxe1+ 30. Kc2 Qg3 31. Re2 Qxh4 32. g6 Qg4 33.
Re7 Qxg6 0-1

[Event "7. Longericher Sommer-Open"]
[Site "?"]
[Date "2010.07.31"]
[Round "3.36"]
[White "Kiese, Matthias"]
[Black "Lucaßen, Mickey"]
[Result "1-0"]
[WhiteElo "2194"]
[BlackElo "1832"]
[PlyCount "67"]
[EventDate "2010.??.??"]
[WhiteTeam "SGEM Waldshut-Tiengen"]
[BlackTeam "SV Wesel 1928 e.V."]

1. d4 Nf6 2. Nf3 e6 3. Bg5 h6 4. Bh4 Be7 5. Nbd2 c5 6. e3 O-O 7. Bd3 cxd4 8.
exd4 Nd5 9. Bxe7 Qxe7 10. c3 d6 11. O-O b6 12. Re1 Bb7 13. a4 a6 14. Nc4 Qc7
15. Nfd2 Nd7 16. Qg4 N7f6 17. Qh4 b5 18. axb5 axb5 19. Na3 Nxc3 20. Rac1 Rxa3
21. bxa3 Rc8 22. Qg3 e5 23. dxe5 dxe5 24. h3 Nh5 25. Qe3 Nf4 26. Bf1 Qc6 27. f3
f6 28. Ne4 Nfd5 29. Qf2 Qa6 30. Nxc3 Rxc3 31. Rxc3 Nxc3 32. Qc5 Qa5 33. Bc4+
Kh7 34. Bd3+ {ZÜ} 1-0

[Event "7. Longericher Sommer-Open"]
[Site "?"]
[Date "2010.07.31"]
[Round "3.37"]
[White "Lensink, Daan"]
[Black "Bauer, Andreas"]
[Result "0-1"]
[WhiteElo "1768"]
[BlackElo "2086"]
[PlyCount "58"]
[EventDate "2010.??.??"]
[WhiteTeam "BSV(Baarn, Niederlande)"]
[BlackTeam "SC Emmendingen 1937 e.V."]

1. e4 c5 2. Nf3 Nc6 3. Bb5 Na5 4. Be2 e6 5. d4 cxd4 6. Nxd4 a6 7. a3 Qc7 8. Be3
Nf6 9. Nd2 b5 10. f3 d5 11. a4 b4 12. Bg5 Bb7 13. Rc1 dxe4 14. Bxf6 gxf6 15.
Nxe4 Qe5 16. Nf2 Rg8 17. Ng4 Rxg4 18. fxg4 Bxg2 19. Rg1 Qxh2 20. Rxg2 Qxg2 21.
Qd2 Qg1+ 22. Bf1 Rd8 23. Nf3 Qxg4 24. Qe3 Qg3+ 25. Qf2 Qd6 26. Qa7 Bh6 27. Ra1
Qc6 28. Be2 Qxc2 29. Bxa6 Nb3 0-1

[Event "7. Longericher Sommer-Open"]
[Site "?"]
[Date "2010.07.31"]
[Round "3.38"]
[White "Havenith, Julia"]
[Black "Dickmann, Thomas"]
[Result "0-1"]
[WhiteElo "1082"]
[BlackElo "1993"]
[PlyCount "54"]
[EventDate "2010.??.??"]
[WhiteTeam "SV Würselen 1926 e.V."]
[BlackTeam "SV Wesel 1928 e.V."]

1. e4 c5 2. Nf3 g6 3. d4 cxd4 4. Nxd4 Nc6 5. Be3 Nf6 6. Bc4 Nxe4 7. Nc3 Nxc3 8.
bxc3 Bg7 9. Rb1 O-O 10. O-O d5 11. Bb5 Qc7 12. Re1 a6 13. Bxc6 bxc6 14. Bg5 e5
15. Nf3 Bg4 16. h3 Be6 17. Qe2 Rfe8 18. Nxe5 f6 19. Bxf6 Bxf6 20. Qe3 Bf5 21.
f4 Bxc2 22. Qb6 Bxe5 23. fxe5 Qxb6+ 24. Rxb6 Re6 25. Kf2 Bd3 26. Kf3 Rf8+ 27.
Ke3 Bc4 0-1

[Event "7. Longericher Sommer-Open"]
[Site "?"]
[Date "2010.07.31"]
[Round "3.40"]
[White "Häussler, Daniel"]
[Black "Tychev, Daniel"]
[Result "1-0"]
[WhiteElo "1939"]
[BlackElo "883"]
[PlyCount "53"]
[EventDate "2010.??.??"]
[WhiteTeam "SC Ostfildern 1952 e.V."]
[BlackTeam "SK Mannheim 1946 e.V."]

1. d4 d5 2. Nf3 Nf6 3. c4 c6 4. cxd5 cxd5 5. Nc3 Nc6 6. e3 e6 7. Bd3 Bd6 8. O-O
O-O 9. Re1 Re8 10. e4 Bd7 11. e5 Bb4 12. exf6 Qxf6 13. Bg5 Bxc3 14. bxc3 Ne7
15. Bxf6 gxf6 16. Nh4 Nc6 17. Qg4+ Kf8 18. Qh5 Ke7 19. Nf5+ Kd8 20. Nd6 Re7 21.
Nxb7+ Kc7 22. Nc5 Kd6 23. Qf3 e5 24. Qxf6+ Be6 25. Bb5 Rc8 26. Bxc6 Rxc6 27.
Qxe5# 1-0

[Event "7. Longericher Sommer-Open"]
[Site "?"]
[Date "2010.07.31"]
[Round "3.41"]
[White "Liu, Julian"]
[Black "Zilberman, Rodion"]
[Result "0-1"]
[WhiteElo "961"]
[BlackElo "1913"]
[PlyCount "46"]
[EventDate "2010.??.??"]
[WhiteTeam "SV Würselen 1926 e.V."]
[BlackTeam "SF Köln-Longerich 195"]

1. e4 g6 2. Nc3 Bg7 3. Nf3 d6 4. Bc4 Nf6 5. O-O c6 6. Re1 b5 7. Bb3 a5 8. a3
Bg4 9. e5 dxe5 10. Rxe5 Nbd7 11. Re3 e5 12. Qe1 Bxf3 13. Rxf3 O-O 14. Rd3 Qc7
15. Ne4 Nxe4 16. Qxe4 Nc5 17. Qf3 e4 18. Qe3 Nxd3 19. cxd3 c5 20. dxe4 c4 21.
Bd1 f5 22. exf5 Rae8 23. Qf3 Re1# 0-1

[Event "7. Longericher Sommer-Open"]
[Site "?"]
[Date "2010.07.31"]
[Round "3.42"]
[White "Hingst, Dieter Max Otto"]
[Black "Lasschuit, Rene"]
[Result "0-1"]
[WhiteElo "908"]
[BlackElo "1800"]
[PlyCount "40"]
[EventDate "2010.??.??"]
[WhiteTeam "Brühler SK 1920 e.V."]
[BlackTeam "SV Het Probleem Amsterdam"]

1. e4 e6 2. Nf3 d5 3. exd5 exd5 4. Ne5 Nf6 5. d3 Bd6 6. Qe2 O-O 7. Be3 Bxe5 8.
f4 Bxb2 9. h4 Re8 10. Nd2 Bxa1 11. Qf3 Ng4 12. Be2 Rxe3 13. Qf1 Nc6 14. Nf3 Qe7
15. Kd1 Bf5 16. h5 Re8 17. h6 Rxe2 18. Qg1 Nf2+ 19. Qxf2 Rxf2 20. hxg7 Qe2+ 0-1

[Event "7. Longericher Sommer-Open"]
[Site "?"]
[Date "2010.08.01"]
[Round "4.1"]
[White "Stadtfeld, Martin"]
[Black "Rotstein, Jefim"]
[Result "0-1"]
[WhiteElo "1593"]
[BlackElo "2210"]
[PlyCount "78"]
[EventDate "2010.??.??"]
[WhiteTeam "SC Jünkerath"]
[BlackTeam "Ford-SF Köln e.V."]

1. c4 e5 2. Nc3 d6 3. Nf3 f5 4. e4 c5 5. d3 Nf6 6. g3 Be7 7. Bg2 Nc6 8. Nh4
fxe4 9. Nxe4 Nxe4 10. Bxe4 g6 11. Ng2 Bh3 12. f4 Qd7 13. b3 Nd4 14. Bb2 O-O-O
15. Bxd4 cxd4 16. Qd2 Qg4 17. O-O Rhf8 18. Qb4 Qd7 19. Qa5 b6 20. Qd5 Qc7 21.
fxe5 dxe5 22. Qa8+ Kd7 23. Qd5+ Ke8 24. Qc6+ Qxc6 25. Bxc6+ Bd7 26. Bd5 b5 27.
Rxf8+ Bxf8 28. Rf1 bxc4 29. Bxc4 Bc6 30. Rf7 Rd7 31. Rf6 Rd6 32. Rf7 e4 33.
Rxh7 e3 34. Nf4 Bf3 35. Nxg6 Rf6 36. Nxf8 e2 37. Bb5+ Kxf8 38. Rh8+ Kg7 39. Re8
Bh5 0-1

[Event "7. Longericher Sommer-Open"]
[Site "?"]
[Date "2010.08.01"]
[Round "4.2"]
[White "Mladenov, Svetlin"]
[Black "Rameker, Robert"]
[Result "1-0"]
[WhiteElo "2422"]
[BlackElo "1471"]
[PlyCount "39"]
[EventDate "2010.??.??"]
[WhiteTeam "SV Wattenscheid 1930"]
[BlackTeam "TUS 08 Rheinberg e.V."]

1. e4 c6 2. c4 e5 3. Nf3 d6 4. d4 exd4 5. Nxd4 Be6 6. Nc3 g6 7. Be2 Bg7 8. O-O
Qe7 9. Bf4 Be5 10. Be3 Nd7 11. Qd2 h5 12. f4 Bg7 13. f5 c5 14. fxe6 cxd4 15.
exf7+ Kf8 16. Nd5 Qxe4 (16... dxe3 17. Nxe7 exd2 18. Nxg6#) 17. fxg8=N+ Kxg8
18. Bg5 Kh7 19. Bd3 Qg4 20. Bxg6+ 1-0

[Event "7. Longericher Sommer-Open"]
[Site "?"]
[Date "2010.08.01"]
[Round "4.3"]
[White "Weißhuhn, Gunnar"]
[Black "Eulering, Georg"]
[Result "1-0"]
[WhiteElo "1824"]
[BlackElo "2079"]
[PlyCount "99"]
[EventDate "2010.??.??"]
[WhiteTeam "SK Turm Euskirchen 65"]
[BlackTeam "SF Schlebusch"]

1. d4 f5 2. Nf3 Nf6 3. c4 g6 4. Nc3 Bg7 5. e3 O-O 6. Be2 d6 7. O-O h6 8. Bd2
Nbd7 9. b4 e5 10. d5 g5 11. Qc2 Ne8 12. Rac1 a5 13. a3 axb4 14. axb4 g4 15. Ne1
h5 16. f3 Qg5 17. f4 exf4 18. exf4 Qg6 19. g3 Rf7 20. Ng2 Nf8 21. Bd3 Bd7 22.
Ne2 Re7 23. Nh4 Qf7 24. Rfe1 c6 25. dxc6 bxc6 26. Bxf5 Bxf5 27. Nxf5 Rea7 28.
Nxg7 Nxg7 29. Nd4 Ra2 30. Qd3 R8a3 31. Bc3 Qb7 32. Qe4 d5 33. Qe5 dxc4 34. Nxc6
Rxc3 35. Qd5+ Kh7 36. Rxc3 Ra6 37. Rxc4 Ng6 38. Ne7 Qb6+ 39. Qc5 Qf6 40. Nxg6
Qxg6 41. Rce4 Rc6 42. Qf2 Rc3 43. Qa7 Rc1 44. Rxc1 Qxe4 45. Qc5 Qf3 46. Qc3 Qb7
47. f5 Qb6+ 48. Qc5 Qf6 49. b5 Nxf5 50. Rf1 1-0

[Event "7. Longericher Sommer-Open"]
[Site "?"]
[Date "2010.08.01"]
[Round "4.4"]
[White "Herms, Stefan"]
[Black "Pick, Stefan"]
[Result "0-1"]
[WhiteElo "1671"]
[BlackElo "2066"]
[PlyCount "76"]
[EventDate "2010.??.??"]
[WhiteTeam "SC Erkrath 1973"]
[BlackTeam "SK Kerpen 64 e.V."]

1. e4 c5 2. Nc3 Nc6 3. g3 g6 4. Bg2 Bg7 5. d3 d6 6. Be3 Nf6 7. h3 O-O 8. Nge2
e5 9. O-O Be6 10. Qd2 Qd7 11. Kh2 h5 12. Bh6 Nd4 13. Bxg7 Kxg7 14. f4 Nh7 15.
Nd1 f5 16. fxe5 dxe5 17. exf5 Bxf5 18. Ne3 Rae8 19. Nxd4 exd4 20. Nxf5+ Rxf5
21. Rxf5 Qxf5 22. Re1 Rxe1 23. Qxe1 b6 24. Qe7+ Qf7 25. Qe2 Qc7 26. h4 Nf6 27.
Bf3 Qd6 28. a3 Nd7 29. Qe4 a5 30. Kg2 Ne5 31. Be2 Qc7 32. a4 Qc6 33. Qxc6 Nxc6
34. b3 Nb4 35. Bd1 Nd5 36. Kf2 Ne3 37. Ke2 Kf6 38. c4 Kf5 0-1

[Event "7. Longericher Sommer-Open"]
[Site "?"]
[Date "2010.08.01"]
[Round "4.5"]
[White "Knütter, Helmut"]
[Black "Losekoot, Pascal"]
[Result "0-1"]
[WhiteElo "1593"]
[BlackElo "2047"]
[PlyCount "92"]
[EventDate "2010.??.??"]
[WhiteTeam "SK Sülz-Klettenberg"]
[BlackTeam "BSV(Baarn, Niederlande)"]

1. e4 c5 2. Nf3 e6 3. d4 cxd4 4. Nxd4 Nf6 5. Nc3 d6 6. Be3 a6 7. Bd3 b5 8. f3
Bb7 9. Qd2 Nbd7 10. O-O Be7 11. Nce2 d5 12. exd5 Nxd5 13. Bf2 O-O 14. c3 Ne5
15. Be4 Qc8 16. Rad1 Nc4 17. Qc1 Nf6 18. Bb1 g6 19. Rfe1 e5 20. Nb3 Re8 21. Ng3
a5 22. Ne4 Nxe4 23. Bxe4 Bxe4 24. Rxe4 f5 25. Re2 Qc6 26. Rde1 Bf8 27. Kh1 a4
28. Na1 Bg7 29. a3 Rad8 30. Nc2 Rd7 31. Nb4 Qb7 32. Be3 e4 33. f4 Red8 34. Nc2
Na5 35. Nd4 Bxd4 36. cxd4 Nb3 37. Qb1 Nxd4 38. Bxd4 Rxd4 39. b3 Qd5 40. bxa4
bxa4 41. h3 Qb3 42. Qxb3+ axb3 43. Rb2 Rd1 44. Rxd1 Rxd1+ 45. Kh2 e3 46. Re2
Ra1 0-1

[Event "7. Longericher Sommer-Open"]
[Site "?"]
[Date "2010.08.01"]
[Round "4.6"]
[White "Wolfradt, Dirk"]
[Black "Täger, Torsten"]
[Result "0-1"]
[WhiteElo "2069"]
[BlackElo "1984"]
[PlyCount "84"]
[EventDate "2010.??.??"]
[WhiteTeam "SVigung 1919 Königsspr"]
[BlackTeam "SV Lahn Limburg"]

1. d4 g6 2. c4 Bg7 3. Nc3 d6 4. g3 Nd7 5. Bg2 Ngf6 6. Nf3 O-O 7. O-O e5 8. d5
a5 9. b3 Nc5 10. Bb2 Ng4 11. h3 Nh6 12. a3 f5 13. b4 axb4 14. axb4 Rxa1 15.
Bxa1 Ne4 16. Nd2 Nxd2 17. Qxd2 Nf7 18. f4 Bh6 19. e3 g5 20. Ne2 Qe7 21. Kh2 Nh8
22. fxe5 dxe5 23. c5 Rd8 24. Qc3 Bg7 25. e4 f4 26. gxf4 gxf4 27. Rg1 Qh4 28.
Qe1 Qh5 29. Nxf4 Qh6 30. Nd3 Ng6 31. Qg3 Re8 32. Bc3 Bf6 33. Bf1 Kh8 34. Rg2
Bh4 35. Qf3 Bg5 36. Rf2 Rf8 37. Nxe5 $6 Kg8 $1 38. Nf7 Qh4 39. Kh1 Bf4 40. Bc4
Kxf7 41. d6+ Ke8 42. e5 Bxh3 0-1

[Event "7. Longericher Sommer-Open"]
[Site "?"]
[Date "2010.08.01"]
[Round "4.7"]
[White "Khanukov, Boris"]
[Black "Neuner, Johannes"]
[Result "1-0"]
[WhiteElo "2258"]
[BlackElo "1834"]
[PlyCount "69"]
[EventDate "2010.??.??"]
[WhiteTeam "Stift. Bahn-Sozialwerk Schachgr."]
[BlackTeam "SK Freiburg Zähringen 1887 e.V."]

1. d4 d5 2. c4 c6 3. Nf3 Nf6 4. e3 Bg4 5. h3 Bxf3 6. Qxf3 e6 7. Bd3 Nbd7 8. O-O
Bd6 9. Nc3 O-O 10. b3 Re8 11. Bb2 e5 12. cxd5 cxd5 13. Qd1 exd4 14. exd4 Rc8
15. Qf3 Nf8 16. g3 Bb8 17. Rad1 Ne6 18. Bf5 g6 19. Bb1 Ng5 20. Qg2 Qd7 21. h4
Nge4 22. Ne2 Ng4 23. Bc1 Nc3 24. Nxc3 Rxc3 25. Bd2 Nxf2 26. Bxc3 Nxd1 27. Rxd1
Re3 28. Rd3 Qe6 29. Qf2 Re2 30. Qf1 Re3 31. Qf2 Re2 32. Qf3 Qe4 33. Bb4 Rb2 34.
Qxe4 Rxb1+ 35. Qe1 1-0

[Event "7. Longericher Sommer-Open"]
[Site "?"]
[Date "2010.08.01"]
[Round "4.8"]
[White "Bub, Volker"]
[Black "Fieberg, Christoph"]
[Result "1-0"]
[WhiteElo "2060"]
[BlackElo "1820"]
[PlyCount "43"]
[EventDate "2010.??.??"]
[WhiteTeam "SC Tornado 86 Hochneukirch"]
[BlackTeam "Bergische SF 1923 Ber"]

1. e4 d6 2. d4 Nf6 3. Nc3 g6 4. f4 Bg7 5. Nf3 e6 6. Be3 O-O 7. Qd2 b6 8. O-O-O
Bb7 9. Bd3 c5 10. dxc5 dxc5 11. e5 Ng4 12. Bg1 f5 13. Ng5 Re8 14. Bc4 Qxd2+ 15.
Rxd2 Bc8 16. Nb5 Ba6 17. Bxe6+ Rxe6 18. Rd8+ Bf8 19. Nxe6 Nd7 20. Rxa8 Bxb5 21.
Nxf8 Nxf8 22. e6 1-0

[Event "7. Longericher Sommer-Open"]
[Site "?"]
[Date "2010.08.01"]
[Round "4.9"]
[White "Jordans, Ralph"]
[Black "Schülke, Tilman"]
[Result "0-1"]
[WhiteElo "1812"]
[BlackElo "1995"]
[PlyCount "96"]
[EventDate "2010.??.??"]
[WhiteTeam "Ford-SF Köln e.V."]
[BlackTeam "Düsseldorfer SV 1854"]

1. c4 e5 2. Nc3 d6 3. d4 Nd7 4. Nf3 c6 5. e4 Qc7 6. Be3 Ngf6 7. h3 g6 8. Qd2
Bg7 9. Bh6 O-O 10. Bxg7 Kxg7 11. Be2 h6 12. g4 exd4 13. Nxd4 Nc5 14. f3 Rd8 15.
O-O-O d5 16. exd5 cxd5 17. Ndb5 Qa5 18. cxd5 a6 19. Na3 b5 20. Ne4 Qxd2+ 21.
Rxd2 Nfxe4 22. fxe4 Nxe4 23. Rd4 Nd6 24. Rhd1 Ra7 25. Nc2 Re7 26. Bf3 Rde8 27.
b3 f5 28. Kd2 Kf6 29. Re1 Rxe1 30. Nxe1 Kg5 31. Ng2 Re5 32. Kd3 a5 33. Kd2 b4
34. Kc2 Ba6 35. Rd2 Bb7 36. Kd1 fxg4 37. hxg4 h5 38. gxh5 gxh5 39. Ne1 Bc8 40.
Nd3 Re3 41. Rg2+ Bg4 42. Bxg4 hxg4 43. Nf2 g3 44. Kd2 Rf3 45. Nd3 Kh4 46. Ne1
Rf5 47. Ke2 Kh3 48. Rg1 Rf2+ 0-1

[Event "7. Longericher Sommer-Open"]
[Site "?"]
[Date "2010.08.01"]
[Round "4.10"]
[White "Lambertz, Michael"]
[Black "Bigott, Martin"]
[Result "1-0"]
[WhiteElo "1982"]
[BlackElo "1777"]
[PlyCount "57"]
[EventDate "2010.??.??"]
[WhiteTeam "SF Esch e.V."]
[BlackTeam "SF Lohmar 1974 e.V."]

1. e4 Nf6 2. e5 Nd5 3. Bc4 e6 4. Nf3 d6 5. d4 Be7 6. O-O O-O 7. Bd2 b6 8. Nc3
Bb7 9. Re1 c5 10. exd6 Bxd6 11. dxc5 Nxc3 12. Bxc3 Bxc5 13. Qe2 Qe7 14. Qe5 f6
15. Bxe6+ Kh8 16. Qh5 Nd7 17. Bd5 Ne5 18. Bxb7 Qxb7 19. Bxe5 fxe5 20. Qxe5 Rad8
21. Rad1 Rxd1 22. Rxd1 Qf7 23. a3 Re8 24. Qd5 Qf6 25. b4 Be7 26. Re1 Rd8 27.
Qxd8+ Bxd8 28. Re8+ Qf8 29. Rxf8# 1-0